000 00319nam a2200121Ia 4500
008 240731s9999 xx 000 0 und d
022 _a1366-5901
245 0 _aInternational Journal of Remote Sensing
260 _bTaylor & Francis
856 _uhttps://www.tandfonline.com/loi/tres20
942 _2ddc
942 _cTFEJ
999 _c77228
_d77228
945 _a1
_bMadushi Gamage
_c1
_dMadushi Gamage